000 00998cab a2200313 4500
001 WB3145-26
008 090401t1995 xxu||||| |||| 00| 0 eng d
035 _a(Sirsi) u40737
041 _aeng
245 _aPriority list unveiled
260 _c1995
350 _a0
490 _aFinancial Times
_v30 November 1995, 16
490 _aDaily Telegraph
_v30 November 1995, 20
490 _aTimes
_v30 November 1995, 30(2)
520 _aGovernment has published a £9.4 billion priority list of projects under the PFI which is designed to persuade the private sector of the achievability of private investment targets.
650 _aDEFENCE
650 _aHEALTH SECTOR
650 _aLAW AND ORDER
650 _aPRIORITY PROJECTS
650 _aPRIVATE FINANCE INITIATIVE
650 _aPRIVATE INVESTMENT
650 _aSCOTLAND
650 _aSOCIAL SECURITY
650 _aTRANSPORTATION
690 _aPROPERTY-PROPERTY FINANCE AND INVESTMENT
942 _n0
948 _c04/03/1997
999 _c26106
_d26106